00827nam a22002417a 4500003000500000005001700005008004100022020002500063040001900088082001400107100001900121245008500140260004600225300003600271440002500307504000600332538003400338650004000372651001300412655004400425700002700469856008900496Nust20170510171241.0131219b xxu||||| |||| 00| 0 eng d cAvailable a95040507 aDLCbDLCcRCMS a823.8 ELI aEliot, George, aAdam Bede /cGeorge Eliot ; edited with an introduction by Valentine Cunningham. aOxford ;bOxford University Press,cc1997 axlviii, 485 p. ;bill:c19 ,cm. aThe world's classics a  iShelf # 13, Row # 1, Fiction. aTriangles (Interpersonal relations) vFiction. aDidactic fiction.bgsafdvLove stories. aCunningham, Valentine. 3Publisher descriptionuhttp://www.loc.gov/catdir/enhancements/fy0636/95040507-d.html